000 01125nam a2200301Ia 4500
001 34226
003 IT-RoPAU
008 130308s9999 xx 000 0 und d
040 _aIT-RoPAU
040 _cIT-RoPAU
041 _aITALIANO
100 _aBarilli Renato
100 _gCodice Aut. SPICS: 9544
245 _aCulturologia e fenomenologia degli stili
245 _bCulturologia e fenomenologia degli Stili
250 _a1a ed.
260 _aBOLOGNA
260 _bIl Mulino
260 _c1984 [1° Ed.:1984 - Ed.Ling.Originale:]
300 _a"188 p. (prefazione: no ; testo: 188)"
500 _aStrato della Cultura Materiale Strato della Cultura Alta o Simbolica Articolazioni interne dei sistemi Culturali Nascita ed Evoluzione Dello Spazio Moderno Cezanne e la Nascita Dello Spazio Contemporaneo Wolfflin e la fenomenologia degli Stili fenomenologia e Scienza della Cultura Problema iconico Analisi Semiotica o Descrizione Retorica? Generi Lunghi e Brevi
650 _aSAGGI DI ICONOLOGIA
650 _eCodice materia Spics: 5161
942 _cBK
957 _71
999 _c68902
_d68902
999 _bSI
999 _g1